<?xml version="1.0" encoding="UTF-8"?>
<record
    xmlns:xsi="http://www.w3.org/2001/XMLSchema-instance"
    xsi:schemaLocation="http://www.loc.gov/MARC21/slim http://www.loc.gov/standards/marcxml/schema/MARC21slim.xsd"
    xmlns="http://www.loc.gov/MARC21/slim">

  <leader>02801nas a2200409 a 4500</leader>
  <controlfield tag="001">47970</controlfield>
  <controlfield tag="003">DO-SdBNP</controlfield>
  <controlfield tag="005">20250606121936.0</controlfield>
  <controlfield tag="007">ta</controlfield>
  <controlfield tag="008">210524e2017    dr f||||r||||||0| | spa d</controlfield>
  <datafield tag="022" ind1=" " ind2=" ">
    <subfield code="a">2636-2139 (impreso)</subfield>
  </datafield>
  <datafield tag="022" ind1=" " ind2=" ">
    <subfield code="a">2636-2147 (electr&#xF3;nico)</subfield>
  </datafield>
  <datafield tag="040" ind1=" " ind2=" ">
    <subfield code="c">BIBLIOTECA UNIBE</subfield>
    <subfield code="a">BIBLIOTECA UNIBE</subfield>
    <subfield code="b">spa</subfield>
    <subfield code="d">DO-SdBNP</subfield>
    <subfield code="e">rda</subfield>
  </datafield>
  <datafield tag="041" ind1=" " ind2=" ">
    <subfield code="a">spa</subfield>
  </datafield>
  <datafield tag="245" ind1="0" ind2="0">
    <subfield code="a">Revista caribe&#xF1;a de investigaci&#xF3;n educativa (RECIE)</subfield>
  </datafield>
  <datafield tag="246" ind1="3" ind2=" ">
    <subfield code="a">RECIE</subfield>
  </datafield>
  <datafield tag="247" ind1=" " ind2=" ">
    <subfield code="a">Revista del Salom&#xE9; :</subfield>
    <subfield code="b">revista dominicana de educaci&#xF3;n (primera &#xE9;poca)</subfield>
  </datafield>
  <datafield tag="264" ind1=" " ind2=" ">
    <subfield code="a">Santo Domingo, Rep&#xFA;blica Dominicana :</subfield>
    <subfield code="b">Instituto Superior de Formaci&#xF3;n Docente Salom&#xE9; Ure&#xF1;a (ISFODOSU). Vicerrector&#xED;a de Investigaci&#xF3;n y Postgrado, </subfield>
    <subfield code="c">2017.</subfield>
  </datafield>
  <datafield tag="300" ind1=" " ind2=" ">
    <subfield code="a">vol&#xFA;menes :</subfield>
    <subfield code="b">ilustraciones, gr&#xE1;ficas, tablas ;</subfield>
    <subfield code="c">28 x 22 cm.</subfield>
  </datafield>
  <datafield tag="310" ind1=" " ind2=" ">
    <subfield code="a">Semestral.</subfield>
  </datafield>
  <datafield tag="336" ind1=" " ind2=" ">
    <subfield code="a">texto</subfield>
    <subfield code="b">txt</subfield>
    <subfield code="2">rdacontent</subfield>
  </datafield>
  <datafield tag="337" ind1=" " ind2=" ">
    <subfield code="a">sin mediaci&#xF3;n </subfield>
    <subfield code="b">n</subfield>
    <subfield code="2">rdamedia</subfield>
  </datafield>
  <datafield tag="338" ind1=" " ind2=" ">
    <subfield code="a">volumen</subfield>
    <subfield code="b">nc</subfield>
    <subfield code="2">rdacarrier</subfield>
  </datafield>
  <datafield tag="362" ind1=" " ind2=" ">
    <subfield code="a">Volumen 1, n&#xFA;mero 1 (julio-diciembre 2017) - volumen 2, n&#xFA;mero 1 (enero-junio 2018) - volumen 3, n&#xFA;mero 1 (enero-junio 2019) - volumen 8, n&#xFA;mero 1 (enero-junio 2024)</subfield>
  </datafield>
  <datafield tag="520" ind1="3" ind2=" ">
    <subfield code="a"> La Revista Caribe&#xF1;a de Investigaci&#xF3;n Educativa publica art&#xED;culos acad&#xE9;micos sobre formaci&#xF3;n docente, dise&#xF1;o curricular, diagn&#xF3;stico educativo, pol&#xED;ticas educativas nacionales e internacionales, procesos efectivos de ense&#xF1;anza y aprendizaje en entornos de vulnerabilidad. Pretende contribuir al desarrollo de las teor&#xED;as y de las soluciones a problemas educativos de la regi&#xF3;n caribe&#xF1;a y de otros espacios geogr&#xE1;ficos. Investigadores y profesionales de la educaci&#xF3;n tienen a su disposici&#xF3;n esta herramienta para dar a conocer sus trabajos de investigaci&#xF3;n educativa.</subfield>
    <subfield code="u">https://revistas.isfodosu.edu.do/index.php/recie</subfield>
  </datafield>
  <datafield tag="650" ind1=" " ind2="7">
    <subfield code="a">Educaci&#xF3;n</subfield>
    <subfield code="x">Investigaciones</subfield>
    <subfield code="9">7695</subfield>
    <subfield code="2">lemb</subfield>
    <subfield code="v">Publicaciones peri&#xF3;dicas</subfield>
    <subfield code="z">Rep&#xFA;blica Dominicana</subfield>
  </datafield>
  <datafield tag="650" ind1=" " ind2="7">
    <subfield code="a">Educaci&#xF3;n superior</subfield>
    <subfield code="x">Investigaciones</subfield>
    <subfield code="9">9879</subfield>
    <subfield code="2">lemb</subfield>
    <subfield code="v">Publicaciones peri&#xF3;dicas</subfield>
    <subfield code="z">Rep&#xFA;blica Dominicana</subfield>
  </datafield>
  <datafield tag="650" ind1=" " ind2="7">
    <subfield code="a">Formaci&#xF3;n profesional de maestros</subfield>
    <subfield code="9">2217</subfield>
    <subfield code="2">lemb</subfield>
    <subfield code="v">Publicaciones peri&#xF3;dicas</subfield>
    <subfield code="z">Rep&#xFA;blica Dominicana</subfield>
  </datafield>
  <datafield tag="650" ind1=" " ind2="7">
    <subfield code="a">Desarrollo curricular</subfield>
    <subfield code="9">2284</subfield>
    <subfield code="2">lemb</subfield>
    <subfield code="v">Publicaciones peri&#xF3;dicas</subfield>
    <subfield code="z">Rep&#xFA;blica Dominicana</subfield>
  </datafield>
  <datafield tag="650" ind1=" " ind2="7">
    <subfield code="a">Capacitaci&#xF3;n docente</subfield>
    <subfield code="9">2385</subfield>
    <subfield code="2">lemb</subfield>
    <subfield code="v">Publicaciones peri&#xF3;dicas</subfield>
    <subfield code="z">Rep&#xFA;blica Dominicana</subfield>
  </datafield>
  <datafield tag="650" ind1=" " ind2="0">
    <subfield code="a">Identidad nacional </subfield>
    <subfield code="v">Publicaciones peri&#xF3;dicas</subfield>
    <subfield code="z">Rep&#xFA;blica Dominicana</subfield>
    <subfield code="9">2163</subfield>
  </datafield>
  <datafield tag="650" ind1=" " ind2="7">
    <subfield code="a">Pr&#xE1;cticas de la ense&#xF1;anza</subfield>
    <subfield code="9">2216</subfield>
    <subfield code="2">lemb</subfield>
    <subfield code="v">Publicaciones peri&#xF3;dicas</subfield>
    <subfield code="z">Rep&#xFA;blica Dominicana</subfield>
  </datafield>
  <datafield tag="655" ind1=" " ind2="7">
    <subfield code="2">lemb</subfield>
    <subfield code="a">Publicaciones peri&#xF3;dicas</subfield>
    <subfield code="9">155895</subfield>
  </datafield>
  <datafield tag="710" ind1="2" ind2=" ">
    <subfield code="a">Instituto Superior de Formaci&#xF3;n Docente Salom&#xE9; Ure&#xF1;a (ISFODOSU)</subfield>
    <subfield code="e">autor</subfield>
    <subfield code="9">60873</subfield>
  </datafield>
  <datafield tag="856" ind1=" " ind2=" ">
    <subfield code="q">PDF</subfield>
    <subfield code="u">https://revistas.isfodosu.edu.do/index.php/recie</subfield>
    <subfield code="y">Versi&#xF3;n electr&#xF3;nica de la revista</subfield>
  </datafield>
  <datafield tag="942" ind1=" " ind2=" ">
    <subfield code="2">ddc</subfield>
    <subfield code="c">ISSUE</subfield>
  </datafield>
  <datafield tag="952" ind1=" " ind2=" ">
    <subfield code="0">0</subfield>
    <subfield code="1">0</subfield>
    <subfield code="2">ddc</subfield>
    <subfield code="5">6</subfield>
    <subfield code="7">0</subfield>
    <subfield code="8">SE</subfield>
    <subfield code="a">BNPHU</subfield>
    <subfield code="b">BNPHU</subfield>
    <subfield code="d">2025-02-07</subfield>
    <subfield code="h">Volumen 1, n&#xFA;mero 1 (julio-diciembre 2017)</subfield>
    <subfield code="l">0</subfield>
    <subfield code="p">2025-0832</subfield>
    <subfield code="r">2025-02-07</subfield>
    <subfield code="t">e.1</subfield>
    <subfield code="w">2025-02-07</subfield>
    <subfield code="y">ISSUE</subfield>
  </datafield>
  <datafield tag="952" ind1=" " ind2=" ">
    <subfield code="0">0</subfield>
    <subfield code="1">0</subfield>
    <subfield code="2">ddc</subfield>
    <subfield code="5">6</subfield>
    <subfield code="7">0</subfield>
    <subfield code="8">SE</subfield>
    <subfield code="a">BNPHU</subfield>
    <subfield code="b">BNPHU</subfield>
    <subfield code="d">2025-02-07</subfield>
    <subfield code="h">Volumen 1, n&#xFA;mero 1 (julio-diciembre 2017)</subfield>
    <subfield code="l">0</subfield>
    <subfield code="p">2025-0833</subfield>
    <subfield code="r">2025-02-07</subfield>
    <subfield code="t">e.2</subfield>
    <subfield code="w">2025-02-07</subfield>
    <subfield code="y">ISSUE</subfield>
  </datafield>
  <datafield tag="952" ind1=" " ind2=" ">
    <subfield code="0">0</subfield>
    <subfield code="1">0</subfield>
    <subfield code="2">ddc</subfield>
    <subfield code="5">6</subfield>
    <subfield code="7">0</subfield>
    <subfield code="8">SE</subfield>
    <subfield code="a">BNPHU</subfield>
    <subfield code="b">BNPHU</subfield>
    <subfield code="d">2025-02-07</subfield>
    <subfield code="h">Volumen 3, n&#xFA;mero 1 (enero-junio 2019)</subfield>
    <subfield code="l">0</subfield>
    <subfield code="p">2025-0834</subfield>
    <subfield code="r">2025-02-07</subfield>
    <subfield code="t">e.1</subfield>
    <subfield code="w">2025-02-07</subfield>
    <subfield code="y">ISSUE</subfield>
  </datafield>
  <datafield tag="952" ind1=" " ind2=" ">
    <subfield code="0">0</subfield>
    <subfield code="1">0</subfield>
    <subfield code="2">ddc</subfield>
    <subfield code="5">6</subfield>
    <subfield code="7">0</subfield>
    <subfield code="8">SE</subfield>
    <subfield code="a">BNPHU</subfield>
    <subfield code="b">BNPHU</subfield>
    <subfield code="d">2025-02-07</subfield>
    <subfield code="h">Volumen 3, n&#xFA;mero 1 (enero-junio 2019)</subfield>
    <subfield code="l">0</subfield>
    <subfield code="p">2025-0835</subfield>
    <subfield code="r">2025-02-07</subfield>
    <subfield code="t">e.2</subfield>
    <subfield code="w">2025-02-07</subfield>
    <subfield code="y">ISSUE</subfield>
  </datafield>
  <datafield tag="952" ind1=" " ind2=" ">
    <subfield code="0">0</subfield>
    <subfield code="1">0</subfield>
    <subfield code="2">ddc</subfield>
    <subfield code="5">6</subfield>
    <subfield code="7">0</subfield>
    <subfield code="8">SE</subfield>
    <subfield code="a">BNPHU</subfield>
    <subfield code="b">BNPHU</subfield>
    <subfield code="d">2025-02-07</subfield>
    <subfield code="h">Volumen 3, n&#xFA;mero 1 (enero-junio 2019)</subfield>
    <subfield code="l">0</subfield>
    <subfield code="p">2025-0836</subfield>
    <subfield code="r">2025-02-07</subfield>
    <subfield code="t">e.3</subfield>
    <subfield code="w">2025-02-07</subfield>
    <subfield code="y">ISSUE</subfield>
  </datafield>
  <datafield tag="952" ind1=" " ind2=" ">
    <subfield code="0">0</subfield>
    <subfield code="1">0</subfield>
    <subfield code="2">ddc</subfield>
    <subfield code="5">6</subfield>
    <subfield code="7">0</subfield>
    <subfield code="8">SE</subfield>
    <subfield code="a">BNPHU</subfield>
    <subfield code="b">BNPHU</subfield>
    <subfield code="d">2025-02-07</subfield>
    <subfield code="h">Volumen 3, n&#xFA;mero 2 (julio-diciembre 2019)</subfield>
    <subfield code="l">0</subfield>
    <subfield code="p">2025-0837</subfield>
    <subfield code="r">2025-02-07</subfield>
    <subfield code="t">e.1</subfield>
    <subfield code="w">2025-02-07</subfield>
    <subfield code="y">ISSUE</subfield>
  </datafield>
  <datafield tag="952" ind1=" " ind2=" ">
    <subfield code="0">0</subfield>
    <subfield code="1">0</subfield>
    <subfield code="2">ddc</subfield>
    <subfield code="5">6</subfield>
    <subfield code="7">0</subfield>
    <subfield code="8">SE</subfield>
    <subfield code="a">BNPHU</subfield>
    <subfield code="b">BNPHU</subfield>
    <subfield code="d">2025-02-07</subfield>
    <subfield code="h">Volumen 2, n&#xFA;mero 1 (enero-junio 2018)</subfield>
    <subfield code="l">0</subfield>
    <subfield code="p">2025-0838</subfield>
    <subfield code="r">2025-02-07</subfield>
    <subfield code="t">e.1</subfield>
    <subfield code="w">2025-02-07</subfield>
    <subfield code="y">ISSUE</subfield>
  </datafield>
  <datafield tag="952" ind1=" " ind2=" ">
    <subfield code="0">0</subfield>
    <subfield code="1">0</subfield>
    <subfield code="2">ddc</subfield>
    <subfield code="5">6</subfield>
    <subfield code="7">0</subfield>
    <subfield code="8">SE</subfield>
    <subfield code="a">BNPHU</subfield>
    <subfield code="b">BNPHU</subfield>
    <subfield code="d">2025-02-07</subfield>
    <subfield code="h">Volumen 2, n&#xFA;mero 1 (enero-junio 2018)</subfield>
    <subfield code="l">0</subfield>
    <subfield code="p">2025-0839</subfield>
    <subfield code="r">2025-02-07</subfield>
    <subfield code="t">e.2</subfield>
    <subfield code="w">2025-02-07</subfield>
    <subfield code="y">ISSUE</subfield>
  </datafield>
  <datafield tag="952" ind1=" " ind2=" ">
    <subfield code="0">0</subfield>
    <subfield code="1">0</subfield>
    <subfield code="2">ddc</subfield>
    <subfield code="5">6</subfield>
    <subfield code="7">0</subfield>
    <subfield code="8">SE</subfield>
    <subfield code="a">BNPHU</subfield>
    <subfield code="b">BNPHU</subfield>
    <subfield code="d">2025-02-07</subfield>
    <subfield code="h">Volumen 2, n&#xFA;mero 2 (julio-diciembre 2018)</subfield>
    <subfield code="l">0</subfield>
    <subfield code="p">2025-0840</subfield>
    <subfield code="r">2025-02-07</subfield>
    <subfield code="t">e.1</subfield>
    <subfield code="w">2025-02-07</subfield>
    <subfield code="y">ISSUE</subfield>
  </datafield>
  <datafield tag="952" ind1=" " ind2=" ">
    <subfield code="0">0</subfield>
    <subfield code="1">0</subfield>
    <subfield code="2">ddc</subfield>
    <subfield code="5">6</subfield>
    <subfield code="7">0</subfield>
    <subfield code="8">SE</subfield>
    <subfield code="a">BNPHU</subfield>
    <subfield code="b">BNPHU</subfield>
    <subfield code="d">2025-02-07</subfield>
    <subfield code="h">Volumen 2, n&#xFA;mero 2 (julio-diciembre 2018)</subfield>
    <subfield code="l">0</subfield>
    <subfield code="p">2025-0841</subfield>
    <subfield code="r">2025-02-07</subfield>
    <subfield code="t">e.2</subfield>
    <subfield code="w">2025-02-07</subfield>
    <subfield code="y">ISSUE</subfield>
  </datafield>
  <datafield tag="952" ind1=" " ind2=" ">
    <subfield code="0">0</subfield>
    <subfield code="1">0</subfield>
    <subfield code="2">ddc</subfield>
    <subfield code="5">6</subfield>
    <subfield code="7">0</subfield>
    <subfield code="8">SE</subfield>
    <subfield code="a">BNPHU</subfield>
    <subfield code="b">BNPHU</subfield>
    <subfield code="d">2025-02-07</subfield>
    <subfield code="h">Volumen 2, n&#xFA;mero 2 (julio-diciembre 2018)</subfield>
    <subfield code="l">0</subfield>
    <subfield code="p">2025-0842</subfield>
    <subfield code="r">2025-02-07</subfield>
    <subfield code="t">e.3</subfield>
    <subfield code="w">2025-02-07</subfield>
    <subfield code="y">ISSUE</subfield>
  </datafield>
  <datafield tag="952" ind1=" " ind2=" ">
    <subfield code="0">0</subfield>
    <subfield code="1">0</subfield>
    <subfield code="2">ddc</subfield>
    <subfield code="5">6</subfield>
    <subfield code="7">0</subfield>
    <subfield code="8">SE</subfield>
    <subfield code="a">BNPHU</subfield>
    <subfield code="b">BNPHU</subfield>
    <subfield code="d">2025-02-07</subfield>
    <subfield code="h">Volumen 4, n&#xFA;mero 1 (enero-junio 2020)</subfield>
    <subfield code="l">0</subfield>
    <subfield code="p">2025-0843</subfield>
    <subfield code="r">2025-02-07</subfield>
    <subfield code="t">e.1</subfield>
    <subfield code="w">2025-02-07</subfield>
    <subfield code="y">ISSUE</subfield>
  </datafield>
  <datafield tag="952" ind1=" " ind2=" ">
    <subfield code="0">0</subfield>
    <subfield code="1">0</subfield>
    <subfield code="2">ddc</subfield>
    <subfield code="5">6</subfield>
    <subfield code="7">0</subfield>
    <subfield code="8">SE</subfield>
    <subfield code="a">BNPHU</subfield>
    <subfield code="b">BNPHU</subfield>
    <subfield code="d">2025-02-07</subfield>
    <subfield code="h">Volumen 4, n&#xFA;mero 2  (julio-diciembre 2020)</subfield>
    <subfield code="l">0</subfield>
    <subfield code="p">2025-0844</subfield>
    <subfield code="r">2025-02-07</subfield>
    <subfield code="t">e.1</subfield>
    <subfield code="w">2025-02-07</subfield>
    <subfield code="y">ISSUE</subfield>
  </datafield>
  <datafield tag="952" ind1=" " ind2=" ">
    <subfield code="0">0</subfield>
    <subfield code="1">0</subfield>
    <subfield code="2">ddc</subfield>
    <subfield code="5">6</subfield>
    <subfield code="7">0</subfield>
    <subfield code="8">SE</subfield>
    <subfield code="a">BNPHU</subfield>
    <subfield code="b">BNPHU</subfield>
    <subfield code="d">2025-02-07</subfield>
    <subfield code="h">Volumen 6, n&#xFA;mero 2 (julio-diciembre 2022)</subfield>
    <subfield code="l">0</subfield>
    <subfield code="p">2025-0845</subfield>
    <subfield code="r">2025-02-07</subfield>
    <subfield code="t">e.1</subfield>
    <subfield code="w">2025-02-07</subfield>
    <subfield code="y">ISSUE</subfield>
  </datafield>
  <datafield tag="952" ind1=" " ind2=" ">
    <subfield code="0">0</subfield>
    <subfield code="1">0</subfield>
    <subfield code="2">ddc</subfield>
    <subfield code="5">6</subfield>
    <subfield code="7">0</subfield>
    <subfield code="8">SE</subfield>
    <subfield code="a">BNPHU</subfield>
    <subfield code="b">BNPHU</subfield>
    <subfield code="d">2025-02-07</subfield>
    <subfield code="h">Volumen 7, n&#xFA;mero 1 (enero-junio 2023)</subfield>
    <subfield code="l">0</subfield>
    <subfield code="p">2025-0846</subfield>
    <subfield code="r">2025-02-07</subfield>
    <subfield code="t">e.1</subfield>
    <subfield code="w">2025-02-07</subfield>
    <subfield code="y">ISSUE</subfield>
  </datafield>
  <datafield tag="952" ind1=" " ind2=" ">
    <subfield code="0">0</subfield>
    <subfield code="1">0</subfield>
    <subfield code="2">ddc</subfield>
    <subfield code="5">6</subfield>
    <subfield code="7">0</subfield>
    <subfield code="8">SE</subfield>
    <subfield code="a">BNPHU</subfield>
    <subfield code="b">BNPHU</subfield>
    <subfield code="d">2025-02-07</subfield>
    <subfield code="h">Volumen 7, n&#xFA;mero 2 (julio-diciembre 2023)</subfield>
    <subfield code="l">0</subfield>
    <subfield code="p">2025-0847</subfield>
    <subfield code="r">2025-02-07</subfield>
    <subfield code="t">e.1</subfield>
    <subfield code="w">2025-02-07</subfield>
    <subfield code="y">ISSUE</subfield>
  </datafield>
  <datafield tag="952" ind1=" " ind2=" ">
    <subfield code="0">0</subfield>
    <subfield code="1">0</subfield>
    <subfield code="2">ddc</subfield>
    <subfield code="5">6</subfield>
    <subfield code="7">0</subfield>
    <subfield code="8">SE</subfield>
    <subfield code="a">BNPHU</subfield>
    <subfield code="b">BNPHU</subfield>
    <subfield code="d">2026-03-11</subfield>
    <subfield code="h">Volumen 6, n&#xFA;mero 2 (julio-diciembre 2022)</subfield>
    <subfield code="l">0</subfield>
    <subfield code="p">2026-2092</subfield>
    <subfield code="r">2026-03-11</subfield>
    <subfield code="t">e.1</subfield>
    <subfield code="w">2026-03-11</subfield>
    <subfield code="y">ISSUE</subfield>
  </datafield>
  <datafield tag="952" ind1=" " ind2=" ">
    <subfield code="0">0</subfield>
    <subfield code="1">0</subfield>
    <subfield code="2">ddc</subfield>
    <subfield code="5">6</subfield>
    <subfield code="7">0</subfield>
    <subfield code="8">SE</subfield>
    <subfield code="a">BNPHU</subfield>
    <subfield code="b">BNPHU</subfield>
    <subfield code="d">2026-03-11</subfield>
    <subfield code="h">Volumen 6, n&#xFA;mero 2 (julio-diciembre 2022)</subfield>
    <subfield code="l">0</subfield>
    <subfield code="p">2026-2093</subfield>
    <subfield code="r">2026-03-11</subfield>
    <subfield code="t">e.2</subfield>
    <subfield code="w">2026-03-11</subfield>
    <subfield code="y">ISSUE</subfield>
  </datafield>
  <datafield tag="952" ind1=" " ind2=" ">
    <subfield code="0">0</subfield>
    <subfield code="1">0</subfield>
    <subfield code="2">ddc</subfield>
    <subfield code="5">6</subfield>
    <subfield code="7">0</subfield>
    <subfield code="8">SE</subfield>
    <subfield code="a">BNPHU</subfield>
    <subfield code="b">BNPHU</subfield>
    <subfield code="d">2026-03-11</subfield>
    <subfield code="h">Volumen 7, n&#xFA;mero 1 (enero-junio 2023)</subfield>
    <subfield code="l">0</subfield>
    <subfield code="p">2026-2094</subfield>
    <subfield code="r">2026-03-11</subfield>
    <subfield code="t">e.1</subfield>
    <subfield code="w">2026-03-11</subfield>
    <subfield code="y">ISSUE</subfield>
  </datafield>
  <datafield tag="952" ind1=" " ind2=" ">
    <subfield code="0">0</subfield>
    <subfield code="1">0</subfield>
    <subfield code="2">ddc</subfield>
    <subfield code="5">6</subfield>
    <subfield code="7">0</subfield>
    <subfield code="8">SE</subfield>
    <subfield code="a">BNPHU</subfield>
    <subfield code="b">BNPHU</subfield>
    <subfield code="d">2026-03-11</subfield>
    <subfield code="h">Volumen 7, n&#xFA;mero 1 (enero-junio 2023)</subfield>
    <subfield code="l">0</subfield>
    <subfield code="p">2026-2095</subfield>
    <subfield code="r">2026-03-11</subfield>
    <subfield code="t">e.2</subfield>
    <subfield code="w">2026-03-11</subfield>
    <subfield code="y">ISSUE</subfield>
  </datafield>
  <datafield tag="999" ind1=" " ind2=" ">
    <subfield code="c">58105</subfield>
    <subfield code="d">58105</subfield>
  </datafield>
</record>
